| 000 | 01971nam a2200289Ia 4500 | ||
|---|---|---|---|
| 999 |
_c53277 _d53277 |
||
| 001 | 20318 | ||
| 003 | GE_BSU | ||
| 005 | 20200907185813.0 | ||
| 008 | 181216s1949||||ge |||||||||||||| ||geo|| | ||
| 040 | _cGE_BSU | ||
| 041 | _ageo | ||
| 080 | _a373.3 ქ-27 | ||
| 245 |
_aქართული ენის, რუსული ენისა და არითმეტიკის სწავლების საკითხები დაწყებით სკოლაში / _cმ.თალაკვაძე, ვ. რამიშვილი, ვ. ავალიანი, შ. ჯაფარიძე, ი. ტეინბერგი ; რედ. პ.კეკელიძე, ა.ფურცელაძე, ა.მიქაძე. |
||
| 264 |
_aთბილისი : _bსაქართველოს სსრ პედაგოგიურ მეცნიერებათა ინსტიტუტის გამ-ბა, _c1949. |
||
| 300 |
_a371 გვ. ; _c22 სმ. |
||
| 541 | _h46თ. | ||
| 653 | _aსწავლების პირველი საფეხური დაწყებითი სკოლა | ||
| 653 | _aქართული ენის | ||
| 653 | _aრუსული ენისა და არითმეტიკის სწავლები | ||
| 700 |
_aთალაკვაძე, მ. _eავტორი _93133 |
||
| 700 |
_aრამიშვილი, მ. _eავტორი _99426 |
||
| 700 |
_aავალიანი, ნ. _eავტორი _99427 |
||
| 700 |
_aჯაფარიძე, ვ. _eავტორი _99428 |
||
| 700 |
_aშტეინბერგი, ი. _eავტორი _99429 |
||
| 710 |
_aსაქართველოს სსრ პედაგოგიურ მეცნიერებათა ინსტიტუტი _99430 |
||
| 942 |
_cBK _2udc |
||